EGY ÁRUHÁZ HANGHORDOZÓ OSZTÁLYÁNAK ÁRUFORGALMÁNAK ELEMZŐ BEMUTATÁSA

Bibliographic Details
Main Author: Fa Viktor
Other Authors: Katz György
Format: Project work
Kulcsszavak:Hanghordozó osztály
Értékesítés
Készletgazdálkodás
Beszerzés
Elemzés
Online Access:http://dolgozattar.uni-bge.hu/2878

MARC

LEADER 00000nnm a2200000 i 4500
001 dolg2878
005 20260101060012.0
008 150518suuuu hu o 000 hun d
040 |a BGE Dolgozattár Repozitórium  |b hun 
041 |a hu 
100 1 |a Fa Viktor 
245 1 0 |a EGY ÁRUHÁZ HANGHORDOZÓ OSZTÁLYÁNAK ÁRUFORGALMÁNAK ELEMZŐ BEMUTATÁSA  |c Fa Viktor  |h [elektronikus dokumentum] 
516 |a Project_work 
695 |a Hanghordozó osztály 
695 |a Értékesítés 
695 |a Készletgazdálkodás 
695 |a Beszerzés 
695 |a Elemzés 
700 1 |a Katz György  |e ths 
856 4 0 |u http://dolgozattar.uni-bge.hu/2878/1/Projektmunka-Fa%20Viktor.pdf  |z Dokumentum-elérés